Missing Word: Songs by Country Bands II Quiz Stats

 Plays Quiz Updated Nov 12, 2017

Challenge
Share
Tweet
Embed
Score 0/20 Timer 05:00
0 Plays Today
Hint Answer % Correct
SugarlandLike
86.2%
SugarlandWant
81.5%
The Band PerryDie
78.1%
Florida Georgia LineRoll
65.6%
Little Big TownWhite
63.2%
Little Big TownCrush
53%
Little Big TownDay
46.9%
Florida Georgia LineMama
46.3%
Florida Georgia LineAnything
40.8%
The Band PerryYou
39.9%
Hint Answer % Correct
The Band PerryDig
39.3%
Florida Georgia LineMay
38.6%
Little Big TownBetter
34.2%
Florida Georgia LineShine
32.1%
The Band PerryLonely
30.5%
Little Big TownHome
26.2%
SugarlandAlready
23.8%
SugarlandMore
20.3%
The Band PerryAll
18.9%
SugarlandMississippi
10.4%

Today's Daily Dose

Word Ladder
Bruno Mars Song

Get the Picture
Japanese Cars

You're not logged in!

Compare scores with friends on all Sporcle quizzes.
OR
Log In

You Might Also Like...

Show Comments

Extras

Top Quizzes Today


Score Distribution

Your Account Isn't Verified!

In order to create a playlist on Sporcle, you need to verify the email address you used during registration. Go to your Sporcle Settings to finish the process.

Report this User

Report this user for behavior that violates our Community Guidelines.

Details: